00410nam a2200121Ia 45000010005000000080041000050820035000461000082000812450060001632600024002239010026002479990015002731146241024s9999 xx 000 0 und d aRD/330.97293/R426p/2010-2013/1 aRepública Dominicana, Ministerio de Economía planificación y Desarrollo 0aPlan Nacional Plurianual del Sector Público 2010-2013 bSanto Domingoc2010 a3/2/2011 3:24:50 p.m. c9739d9739